Wisconsin County Seats on a Map - Statistics

General Stats
  • This quiz has been taken 389 times
  • The average score is 46 of 72
Answers on the Map
Answers color-coded by a green-red scale on the quiz's map according to % correct below.
 
Answer Stats
County Answer % Correct
Dane Madison
97%
Milwaukee Milwaukee
97%
Eau Claire Eau Claire
96%
Brown Green Bay
96%
Kenosha Kenosha
96%
La Crosse La Crosse
94%
Racine Racine
94%
Sheboygan Sheboygan
94%
Fond du Lac Fond du Lac
93%
Douglas Superior
93%
Waukesha Waukesha
93%
Outagamie Appleton
92%
Winnebago Oshkosh
91%
Marathon Wausau
89%
Rock Janesville
88%
Manitowoc Manitowoc
86%
Ashland Ashland
82%
Portage Stevens Point
82%
Door Sturgeon Bay
82%
Marinette Marinette
79%
Chippewa Chippewa Falls
77%
Oconto Oconto
73%
Kewaunee Kewaunee
72%
St. Croix Hudson
69%
Columbia Portage
69%
Shawano Shawano
69%
Sauk Baraboo
67%
Green Lake Green Lake
67%
Waupaca Waupaca
67%
Florence Florence
65%
Jefferson Jefferson
65%
Oneida Rhinelander
65%
Wood Wisconsin Rapids
65%
Ozaukee Port Washington
64%
Bayfield Washburn
63%
Washington West Bend
63%
Richland Richland Center
62%
Dunn Menomonie
61%
Green Monroe
61%
Crawford Prairie du Chien
61%
Dodge Juneau
58%
Vernon Viroqua
58%
Barron Barron
57%
Monroe Sparta
57%
Jackson Black River Falls
56%
Iowa Dodgeville
56%
Adams Friendship
56%
Vilas Eagle River
53%
Lincoln Merrill
53%
Langlade Antigo
52%
Juneau Mauston
51%
Menominee Keshena
49%
Walworth Elkhorn
48%
Sawyer Hayward
48%
Calumet Chilton
46%
Pepin Durand
46%
Iron Hurley
46%
Rusk Ladysmith
45%
Forest Crandon
43%
Waushara Wautoma
43%
Clark Neillsville
42%
Buffalo Alma
40%
Marquette Montello
40%
Grant Lancaster
39%
Burnett Siren
39%
Lafayette Darlington
37%
Price Phillips
36%
Pierce Ellsworth
35%
Trempealeau Whitehall
34%
Taylor Medford
33%
Washburn Shell Lake
33%
Polk Balsam Lake
30%
No matching quizzes found
Score Distribution
Percent of People with Each Score
Percentile by Number Answered
Your Score History
You have not taken this quiz